10 największych miast w województwie Podkarpackim - Statystyki

Ogólne statystyki
  • Ten quiz został rozwiązany 58 razy
  • Średni wynik to 8 z 10
Statystyki odpowiedzi
Populacja Miasto % Poprawnych
197 tys. Rzeszów
100%
60 tys. Przemyśl
89%
46 tys. Krosno
84%
60 tys. Mielec
84%
60 tys. Stalowa Wola
84%
46 tys. Tarnobrzeg
78%
45 tys. Dębica
73%
35 tys. Jasło
73%
37 tys. Jarosław
71%
37 tys. Sanok
65%
Nie znaleziono quizów pasujących do podanych kryteriów
Rozkład punktacji
Procent ludzi z każdym wynikiem
Percentyl według liczby udzielonych odpowiedzi
Twoja historia wyników
Nie rozwiązałeś tego quizu